000 00556nam a2200181Ia 4500
005 20250508152903.0
008 008 250505s9999 xx 000 0 eng d
037 _aTextual
040 _aFEDL
_beng
_cFEDL
041 _aeng
_2eng
084 _a309.20954, GRE
_qFEDL
100 _aGregory Theordore
_9762655
245 0 _aIndia on the eve of the third five year plan
260 _aCalcutta, India
_bThe Associated Chambers of Commerce of
_c1961
300 _aiv,251p.
942 _cTEXL
_h309.20954, GRE
999 _c1339410
_d1339410